000 00495nam a2200169Ia 4500
999 _c27153
_d27153
003 OSt
005 20201215110953.0
008 190216s9999||||xx |||||||||||||| ||und||
040 _coclc
082 _a894.8121
_bRAM/K
100 _aRamakrishnan, Kadammanitta
_97486
245 0 _aKavitha /
_cKadammanitta Ramakrishnan
260 _bUniversity Of Calicut,
_c1995.
_aCalicut:
300 _a92p
650 _aKavithkal
942 _cBK
_2ddc
_h894.8121
_iRAM/K
_k894.8121
_mRAM/K